000 00695nam a2200253 i 4500
001 C2-0228169
003 PPAK
005 20180728155355.0
008 000806s2000 my a|||| ||||| | may d
020 _a9838804827
040 _aPPAK
_beng
_cPPAK
_erda
082 0 4 _a793.73
_223
090 0 0 _a793.73
_bKHA
_dK
245 0 0 _aKhazanah bahasa
264 1 _aShah Alam, Selangor :
_bEddiplex ,
_c2000
300 _a46 pages :
_billustrations ;
_c21 cm
336 _2rdacontent
_atext
337 _2rdamedia
_aunmediated
338 _2rdacarrier
_avolume
490 1 _aKuiz cabaran millenium
700 0 _aMuhammad bin Harun,
_ecompile
830 0 _aKuiz cabaran millenium
942 _ddc
_cB
999 _c148109
_d148109